[Event "RUS-chT Premier League 2018"]
[Site "Sochi"]
[Date "2018.05.08"]
[Round "7"]
[White "Yumakhuzhin, Vadim"]
[Black "Golubov, Saveliy"]
[Result "1-0"]
[WhiteElo "2184"]
[BlackElo "2491"]
[Annotator "TA"]
[PlyCount "163"]
[EventDate "2018.??.??"]
[EventCountry "RUS"]
[SourceTitle "playchess.com"]
[Source "ChessBase"]
[SourceQuality "1"]

{[%evp 21,163,0,14,16,16,10,10,13,150,150,151,162,238,160,340,344,339,303,281,200,183,150,146,156,156,144,254,254,296,305,292,297,271,273,266,273,274,270,252,270,250,209,208,143,143,145,146,137,153,132,139,119,133,133,183,145,136,37,139,91,89,78,81,28,66,0,93,0,66,44,49,41,42,64,66,66,214,127,208,196,189,164,258,258,258,258,256,243,293,262,411,377,481,477,476,457,466,372,274,0,443,421,472,472,450,439,439,425,425,425,563,552,536,530,493,496,610,593,575,547,627,637,894,613,550,518,29970,29969,12725,706,29977,29978,29978,0,1191,0,29978,29979,29978,29979,29979,29980,29980,29981]} 1. d4 Nf6 2. Bf4 d5 3. e3 c5 4. c3 Nc6 5. Nf3 e6 6. Nbd2 cxd4 7. exd4 {D02: 1 d4 d5 2 Nf3 sidelines, including 2...Nf6 3 g3 and 2...Nf6 3 Bf4} Nh5 8. Be3 Bd6 9. Ne5 g6 10. g4 Ng7 11. h4 Nxe5 {LiveBook: 3 Games} 12. dxe5 Bxe5 13. Nf3 {[#] Black must now prevent Bb5+.} Bd6 $146 ({Predecessor:} 13... Bf6 14. h5 O-O {½-½ (30) Kamsky,G (2659)-Nakamura,H (2793) Saint Louis 2017}) 14. h5 O-O (14... gxh5 $1 $11 {keeps the balance.} 15. Qd4 f6) 15. hxg6 $1 $16 hxg6 16. Ng5 d4 (16... Bd7 $142) 17. Nh7 ({And not} 17. cxd4 Bb4+ 18. Ke2 Bd7 $11) (17. Bxd4 Qxg5 18. Bxg7 Kxg7 $15) 17... e5 $2 (17... dxe3 $16 18. Qxd6 Re8) 18. Bg5 $18 ({Weaker is} 18. cxd4 Bb4+ 19. Bd2 Bxd2+ 20. Qxd2 Bxg4 $16) 18... f6 19. Nxf8 Qxf8 20. Bc4+ Be6 21. Bxe6+ Nxe6 22. Qb3 Qf7 23. Bd2 Rf8 (23... dxc3 $16 24. Bxc3 Bc5) 24. cxd4 $1 Nxd4 25. Qh3 $1 {[%csl Gh1][%cal Rh3h8]} Qc7 {Black wants to play ...Nc2+.} 26. Rc1 Qd7 27. Qh8+ Kf7 28. Qh7+ Ke6 {( -> ...Qb5)} 29. Qxd7+ ({Not} 29. Qxg6 Qb5 $14) 29... Kxd7 30. Rh7+ Ke6 31. Be3 Rb8 32. Kd2 Bb4+ 33. Kd3 Nc6 34. Rch1 Rd8+ 35. Kc2 Be7 36. Rh8 Rd7 37. a3 b5 38. R8h6 b4 39. Rd1 ({White should try} 39. a4 $16) 39... Rb7 (39... Rxd1 $14 40. Kxd1 bxa3 41. bxa3 Bf8) 40. axb4 Nxb4+ 41. Kb1 Nd5 42. Ka2 (42. Rc1 $16) 42... Nb4+ 43. Kb1 Nd5 44. Ka2 Nb4+ 45. Ka1 $1 Nc2+ 46. Kb1 Nxe3 47. fxe3 $14 {[%mdl 4096] Endgame KRR-KRB} g5 48. e4 Rb3 (48... Rb4 $14) 49. Rhh1 (49. Rh8 $18) 49... Re3 {[#]} (49... Rb4 $16 {was called for.}) 50. Rde1 $1 $18 {[%cal Re1e3]} Rg3 51. Rhg1 Rb3 {[#]} (51... Rf3 $142) 52. Rc1 $1 Rb6 53. Rc4 Bd6 54. Kc2 a5 55. Rd1 Bb4 (55... Ra6 {might work better.} 56. b3 Rb6) 56. Rd8 Ke7 57. Rdc8 Kd7 58. R4c7+ Kd6 59. Rf7 Ke6 60. Rfc7 $2 (60. Rh7) 60... Kd6 $1 61. Kd1 a4 62. Ra7 Bc5 63. Rxa4 Rxb2 64. Ra6+ Bb6 65. Rf8 Rb4 66. Rxf6+ Kc7 67. Rg6 Kb7 68. Ra3 Bg1 69. Rf3 Bb6 70. Rxg5 Rd4+ 71. Kc2 Rxe4 72. Rb3 Rc4+ 73. Kb1 Ka7 (73... Rc6 $18 74. Rxe5 Kc7) 74. Rg7+ Bc7 75. Kb2 (75. g5 $142 Rc6 76. g6) 75... Ka8 76. Rc3 Rb4+ 77. Rb3 (77. Kc2 $142 Bd8 78. Rc8+ Rb8 79. Rxb8+ Kxb8 80. g5 e4 81. g6 Bf6 82. Rf7) 77... Rc4 $1 78. Rc3 (78. g5 $18 Bd6 79. Rd7) 78... Rb4+ $1 79. Kc2 {White mates.} Bd6 80. Rc8+ Bb8 81. Rgg8 Ka7 {[#]} 82. Rxb8 $1 {[%mdl 512] Precision: White = 60%, Black = 39%.} 1-0

[Event "RUS-chT Premier League 2018"]
[Site "Sochi"]
[Date "2018.05.08"]
[Round "7"]
[White "Pogorelskikh, Sergey"]
[Black "Alekseenko, Kirill"]
[Result "0-1"]
[WhiteElo "2142"]
[BlackElo "2625"]
[Annotator "TA"]
[PlyCount "64"]
[EventDate "2018.??.??"]
[EventCountry "RUS"]
[SourceTitle "playchess.com"]
[Source "ChessBase"]
[SourceQuality "1"]

{[%evp 24,64,-39,-43,-25,-51,-59,-80,-83,-85,-78,-139,-143,-156,-155,-202,-192,-200,-204,-234,-232,-199,-207,-230,-238,-226,-220,-224,-218,-188,-120,-111,-109,-808,-806,-782,-764,-756,-744,-719,-696,-520,-460]} 1. e4 c5 2. Nf3 d6 3. d4 cxd4 4. Nxd4 Nf6 5. Nc3 Bd7 6. Bg5 e6 7. Qd2 a6 8. O-O-O h6 9. Bxf6 Qxf6 10. f4 Nc6 11. g3 Nxd4 12. Qxd4 Qxd4 13. Rxd4 g5 {B67: Sicilian: Richter-Rauzer: 7...a6 8 0-0-0 Bd7, lines without 9 f4 Be7} 14. Bh3 $146 ({Predecessor:} 14. Be2 Bc6 15. Bh5 Rd8 16. Rf1 Bg7 17. e5 dxe5 18. Rxd8+ Kxd8 19. fxg5 hxg5 20. Rxf7 Rxh5 21. Rxg7 {0-1 (40) Crouan,S (2221)-Abergel,T (2436) Sautron 2005}) 14... h5 15. f5 g4 {Black is better.} 16. Bg2 Bc6 17. h3 (17. Rd3 $142) 17... Ke7 $17 18. hxg4 Bh6+ 19. Kb1 Bg7 20. Rdd1 hxg4 21. fxe6 fxe6 22. Ne2 Be5 $1 23. Nf4 Bxf4 $1 24. gxf4 Rxh1 $1 25. Rxh1 $19 {[%mdl 4096] Endgame KRB-KRB} Rf8 $1 26. Rf1 e5 ({Better is} 26... d5 $19 27. exd5 exd5 28. Re1+ Kf6) 27. f5 $17 Rh8 28. Rh1 $2 {[%mdl 8192]} (28. Rg1 $17) 28... Rxh1+ $19 {Black is clearly winning.} 29. Bxh1 Kf6 30. Kc1 {[#]} Kg5 $1 {[%cal Rg5f4]} 31. Kd2 Kf4 32. Ke2 {[#]} Kg3 $1 {Precision: White = 30%, Black = 98%.} 0-1

[Event "RUS-chT Premier League 2018"]
[Site "Sochi"]
[Date "2018.05.09"]
[Round "8"]
[White "Svidler, Peter"]
[Black "Khismatullin, Denis"]
[Result "1/2-1/2"]
[WhiteElo "2760"]
[BlackElo "2632"]
[Annotator "TA"]
[PlyCount "80"]
[EventDate "2018.??.??"]
[EventCountry "RUS"]
[SourceTitle "playchess.com"]
[Source "ChessBase"]
[SourceQuality "1"]

{[%evp 15,80,12,18,33,30,14,22,11,11,14,18,18,19,20,15,13,17,11,22,18,11,7,11,14,18,8,16,10,14,0,0,0,0,0,0,0,0,0,-3,-3,0,0,0,0,0,0,0,0,0,0,0,0,0,-4,0,0,0,-8,0,-4,0,0,0,0,0,0,0]} 1. e4 c5 2. Nf3 d6 3. d4 cxd4 4. Nxd4 Nf6 5. Nc3 a6 6. h3 e5 7. Nde2 b5 8. Ng3 {B90: Sicilian Najdorf: Unusual White 6th moves, 6 Be3 Ng4 and 6 Be3 e5} Qc7 {LiveBook: 5 Games} 9. Bd3 g6 10. O-O {White has an edge.} Bg7 {The position is equal.} 11. Bd2 $146 ({Predecessor:} 11. Bg5 Nbd7 12. Re1 O-O 13. Nf1 b4 14. Nb1 Bb7 15. Nbd2 d5 {0-1 (74) Motylev,A (2663)-Sarana,A (2457) Tallinn 2016}) 11... O-O 12. a4 b4 13. Na2 $1 a5 14. c3 bxc3 15. Nxc3 Be6 16. Rc1 {With the idea Nd5.} Nc6 17. Bb5 Qb7 18. Be3 Rfd8 19. Bxc6 Qxc6 20. Bg5 {[#] Threatens to win with Nd5.} Qb7 21. Qf3 Qe7 22. Rfd1 h6 23. Nd5 Bxd5 $1 24. Bxf6 $1 Qxf6 25. Qxf6 Bxf6 26. Rxd5 Rdb8 27. Rxd6 Bg5 28. Rb1 Rb4 29. b3 Rab8 30. Rd5 Rxa4 31. bxa4 ({Of course not} 31. Rxe5 Ra2 $17) 31... Rxb1+ $11 {[%mdl 4096] Endgame KRB-KRN} 32. Nf1 $1 Rb4 33. Rxa5 Rxe4 34. Rb5 Rxa4 35. Rxe5 Bf6 36. Re2 Kg7 37. g3 h5 38. h4 Ra5 39. Kg2 Re5 40. Rxe5 Bxe5 {Precision: White = 78%, Black = 83%.} 1/2-1/2

[Event "RUS-chT Premier League 2018"]
[Site "Sochi"]
[Date "2018.05.09"]
[Round "8"]
[White "Fedoseev, Vladimir"]
[Black "Maletin, Pavel"]
[Result "1/2-1/2"]
[WhiteElo "2706"]
[BlackElo "2572"]
[Annotator "TA"]
[PlyCount "89"]
[EventDate "2018.??.??"]
[EventCountry "RUS"]
[SourceTitle "playchess.com"]
[Source "ChessBase"]
[SourceQuality "1"]

{[%evp 19,89,-12,-4,-20,-12,-9,-2,-10,2,-26,-20,-30,-23,-45,-23,-24,-22,-23,-22,-25,10,0,0,-14,0,-62,29,23,28,26,22,11,44,16,29,12,28,24,52,49,72,64,72,80,97,66,64,58,58,58,71,59,72,72,75,68,72,68,67,35,45,35,38,19,35,0,17,0,0,0,0,0]} 1. d4 Nf6 2. c4 e6 3. Nf3 d5 4. e3 b6 5. Nc3 Bb7 6. cxd5 exd5 7. Bb5+ c6 8. Bd3 Bd6 9. O-O {E14: Queen's Indian: Classical Variation (4 e3)} O-O 10. b3 Nbd7 {LiveBook: 9 Games} 11. Qe2 $146 ({Predecessor:} 11. Bb2 Re8 12. Qc2 g6 13. Rfe1 Rc8 14. Rad1 Bb8 15. Qb1 a6 16. h3 c5 17. dxc5 bxc5 {0-1 (32) Xu,Y (2516)-Wang,Y (2737) Shenzhen 2016}) 11... Qe7 12. Bb2 a6 13. Nd2 c5 14. a3 Rfe8 15. Nf3 Ne4 16. Bc2 Nxc3 17. Bxc3 c4 18. Rfb1 b5 19. Qe1 cxb3 20. Rxb3 Nb6 21. Qb1 h6 22. a4 (22. Bh7+ $11 Kh8 23. Bd3) 22... Bc6 ({Black should try} 22... Nxa4 $15 23. Rxa4 bxa4 24. Rxb7 Rab8 25. Rxb8 (25. Rxe7 Rxb1+ 26. Bxb1 Rxe7 $17) 25... Rxb8) 23. axb5 $11 axb5 24. Ne5 $36 {[%mdl 2048] White has some pressure.} Bxe5 25. dxe5 Nc4 26. Bh7+ Kh8 {[#] White must now prevent ...Rxa1.} 27. Bd3 Nxe5 28. Bxb5 Rac8 {next ...Bxb5 is good for Black.} 29. Bf1 Nc4 30. Qf5 Qe6 31. Qf4 Ra8 32. Rc1 f6 33. Bd4 Rec8 34. Be2 {Hoping for Bg4.} Ne5 {[#] ...Bb5 is the strong threat.} 35. Rb6 Qe8 36. h3 Rab8 37. Rxb8 Rxb8 38. Qg3 Rc8 39. f4 Nc4 $1 40. Bd3 Nd6 {[%cal Bc4d6,Bd6e4,Be4g3][%mdl 32]} 41. Bg6 Ne4 42. Qg4 Bd7 {The position is equal.} 43. Rxc8 Qxc8 44. Qh5 Ng3 45. Qxd5 {Precision: White = 49%, Black = 36%.} 1/2-1/2

[Event "RUS-chT Premier League 2018"]
[Site "Sochi"]
[Date "2018.05.09"]
[Round "8"]
[White "Artemiev, Vladislav"]
[Black "Dubov, Daniil"]
[Result "1-0"]
[WhiteElo "2704"]
[BlackElo "2696"]
[Annotator "TA"]
[PlyCount "69"]
[EventDate "2018.??.??"]
[EventCountry "RUS"]
[SourceTitle "playchess.com"]
[Source "ChessBase"]
[SourceQuality "1"]

{[%evp 19,69,0,-8,0,44,48,49,27,22,29,40,18,25,0,8,0,112,124,122,127,84,100,106,116,116,112,116,124,146,70,200,106,227,173,227,222,316,323,391,383,406,416,428,352,731,655,764,769,731,723,2066,1878]} 1. e4 c5 2. Nc3 Nc6 3. g3 g6 4. Bg2 Bg7 5. d3 d6 6. Be3 e5 7. Nh3 Nge7 8. O-O O-O 9. f4 exf4 10. Nxf4 b5 {LiveBook: 5 Games. B25: Closed Sicilian: 3 g3, lines without early Be3} 11. a3 b4 $146 ({Predecessor:} 11... a5 12. Nxb5 Bxb2 13. Rb1 Bg7 14. a4 Ne5 15. h3 Rb8 16. g4 Bb7 17. Qd2 Bc6 18. c4 {½-½ (35) Larino Nieto,D (2495)-Iturrizaga Bonelli,E (2664) Leiria 2017}) 12. axb4 cxb4 {White is slightly better.} 13. Ncd5 Bxb2 14. d4 Bxa1 15. Nf6+ Kh8 ({Much less strong is} 15... Kg7 16. Qxa1 Qa5 17. Qd1 $15) 16. Qxa1 Qa5 17. Qd1 $1 Ng8 (17... Rb8 $11 {keeps the balance.}) 18. N4d5 $16 Be6 19. Nxg8 $1 Rxg8 20. Bg5 $1 Rg7 21. Bf6 {[%mdl 1024] White has strong compensation.} Rag8 22. Ne3 $1 Qb6 23. Qd2 $1 Na5 24. h4 (24. Rb1 $1 $16) 24... b3 (24... Nc4 $14 25. Nxc4 Bxc4) 25. Rb1 ({Only move:} 25. cxb3 $1 $18 {Black must now prevent Kh2.} Nxb3 26. Qd3) 25... b2 (25... Nc4 $16 26. Nxc4 Bxc4) 26. c4 $18 Rb8 {[#]} (26... Nxc4 $142 27. Nxc4 Bxc4) 27. Kh2 $1 {aiming for d5.} Qb4 {[#]} (27... Nxc4 {was necessary.} 28. Nxc4 Bxc4) 28. Qf2 $1 Nxc4 29. Nxc4 Bxc4 30. d5 Qb6 31. Rxb2 Bb3 $2 (31... Bb5 32. Bd4 Qb7 33. Bxa7 f5 34. Bxb8 Qxb8 35. exf5 Kg8) 32. Qe1 {White is clearly winning.} Qb4 33. Qa1 Rbg8 34. Qxa7 Qc4 35. Qxf7 {Precision: White = 75%, Black = 32%.} 1-0

[Event "RUS-chT Premier League 2018"]
[Site "Sochi"]
[Date "2018.05.09"]
[Round "8"]
[White "Malakhov, Vladimir"]
[Black "Palachev, Petr"]
[Result "1-0"]
[WhiteElo "2691"]
[BlackElo "2402"]
[Annotator "TA"]
[PlyCount "89"]
[EventDate "2018.??.??"]
[EventCountry "RUS"]
[SourceTitle "playchess.com"]
[Source "ChessBase"]
[SourceQuality "1"]

{[%evp 13,89,16,25,0,0,0,0,0,21,0,47,43,47,39,37,24,76,45,71,37,69,33,39,0,36,18,33,35,52,50,57,57,54,51,43,35,33,33,64,36,39,36,39,31,31,31,48,47,52,20,22,18,14,23,25,27,22,26,25,29,21,10,8,8,62,31,281,79,427,419,419,369,666,677,577,654,1204,1127]} 1. e4 {[%cal Be2e4,Be4e5][%mdl 32]} e6 2. d4 d5 3. Nd2 Be7 4. e5 c5 5. c3 Nc6 6. Bd3 {C03: French Tarrasch: Unusual Black 3rd moves} (6. Ndf3 cxd4 7. cxd4 f6 8. Bd3 Qb6 9. Ne2 Nh6 10. Bxh6 gxh6 11. O-O Bd7 12. Qd2 O-O-O 13. Qxh6 fxe5 14. dxe5 {1-0 (32) Mamedov,R (2709)-Christiansen,J (2495) Riadh 2017}) 6... Bd7 7. Ne2 f6 {LiveBook: 10 Games} 8. exf6 {White has an edge.} Nxf6 9. Nf3 O-O 10. O-O cxd4 11. Nexd4 $146 ({Predecessor:} 11. cxd4 Bd6 12. Bd2 Ng4 13. Ng3 e5 {1-0 (43) Uuriintuya,U (2228)-Zhylkaidarova,S (2162) Baku 2016}) 11... Nxd4 12. cxd4 Qb6 13. Qe2 a6 14. a4 Bb4 (14... Bd6 $11 {keeps the balance.}) 15. Bd2 a5 16. Rfe1 Kh8 17. Bxb4 Qxb4 18. h3 Rac8 (18... Bxa4 {is more complex.} 19. Ng5 h6 20. Nf3 Be8 21. Qe3 Ne4) 19. Qd2 Qxd2 20. Nxd2 g6 21. Nb3 b6 22. Nd2 Kg7 23. Nf3 Kf7 24. Ra3 Ke7 25. Ne5 Kd6 26. f3 Rc7 27. Kf2 Rb8 28. Rb1 Be8 29. b4 {[#] Hoping for bxa5.} axb4 30. Rxb4 Nd7 31. Nxd7 (31. f4 {feels hotter.} Nxe5 32. fxe5+ Ke7 33. Bb5 Bd7 34. Kg3) 31... Bxd7 32. Ke3 Ra7 33. h4 Ke7 34. g4 Rba8 35. Rxb6 Rxa4 36. Rab3 Ra3 37. g5 Rxb3 38. Rxb3 $11 {[%mdl 4096] Endgame KRB-KRB} Rg8 (38... Ra2 $11) 39. Rb6 Rg7 $2 ({Better is} 39... Ra8 $14) 40. Rb8 $2 (40. Bb5 $18 {Black must now prevent Bxd7.} Bc8 41. Rb8) 40... Be8 $2 {[%mdl 8192] [#]} (40... Ba4 $16 {is tougher.}) 41. Bb5 $1 $18 Bxb5 42. Rxb5 Rg8 $2 (42... Kd6 43. Rb6+ Kc7 44. Rxe6 Kc8) 43. Rb7+ {White is clearly winning.} Kd6 44. Rxh7 Rf8 45. Rg7 {Precision: White = 53%, Black = 35%.} 1-0

[Event "RUS-chT Premier League 2018"]
[Site "Sochi"]
[Date "2018.05.09"]
[Round "8"]
[White "Inarkiev, Ernesto"]
[Black "Kamsky, Gata"]
[Result "1/2-1/2"]
[WhiteElo "2686"]
[BlackElo "2670"]
[Annotator "TA"]
[PlyCount "48"]
[EventDate "2018.??.??"]
[EventCountry "RUS"]
[SourceTitle "playchess.com"]
[Source "ChessBase"]
[SourceQuality "1"]

{[%evp 18,48,26,27,36,36,28,28,32,27,31,31,34,34,37,28,30,23,20,17,31,21,30,0,12,0,0,0,22,0,0,0,17]} 1. d4 Nf6 2. c4 e6 3. Nf3 b6 4. g3 Bb7 5. Bg2 Bb4+ 6. Bd2 Bxd2+ 7. Qxd2 O-O 8. O-O d6 9. Qc2 {E16: Queen's Indian: 4 g3 Bb7 5 Bg2 Bb4+} (9. Rd1 Nbd7 10. Qc2 Qe7 11. Nc3 c5 12. d5 exd5 13. Nh4 g6 14. Nxd5 Nxd5 15. Bxd5 Bxd5 16. Rxd5 Nf6 {½-½ (32) Santos Latasa,J (2565)-Iturrizaga Bonelli,E (2671) Dubai 2017}) 9... c5 10. Rd1 {LiveBook: 4 Games} Qe7 11. Nc3 {White is slightly better.} Nc6 12. e3 {[%cal Be2e3,Be3e4][%mdl 32]} cxd4 $146 ({Predecessor:} 12... Rac8 13. d5 exd5 14. cxd5 Nb4 15. Qb3 a5 16. Nd2 Ba6 17. Bf1 Bxf1 18. Rxf1 {½-½ (28) Pantsulaia,L (2465)-Quparadze,G (2227) Nakhchivan 2003}) 13. Nxd4 Rac8 14. Nxc6 Bxc6 15. e4 Rfd8 16. Qd3 Qc7 17. Rd2 Be8 18. Rad1 Ng4 19. Qe2 Ne5 20. Bf1 Qc5 {The position is equal.} 21. Rd4 Nc6 22. R4d2 Ne5 23. Rd4 Nc6 24. R4d2 Ne5 {Precision: White = 71%, Black = 67%.} 1/2-1/2

[Event "RUS-chT Premier League 2018"]
[Site "Sochi"]
[Date "2018.05.09"]
[Round "8"]
[White "Rodshtein, Maxim"]
[Black "Bocharov, Ivan"]
[Result "1-0"]
[WhiteElo "2678"]
[BlackElo "2547"]
[Annotator "TA"]
[PlyCount "69"]
[EventDate "2018.??.??"]
[EventCountry "RUS"]
[SourceTitle "playchess.com"]
[Source "ChessBase"]
[SourceQuality "1"]

{[%evp 16,69,27,21,37,32,37,35,52,50,66,61,70,62,58,60,80,76,70,62,76,70,57,57,60,75,100,93,102,77,87,77,82,82,91,66,127,120,111,110,108,112,161,168,168,160,157,156,702,680,1741,1677,1756,1683,1658,1658]} 1. d4 d5 2. c4 c6 3. Nf3 Nf6 4. e3 Bf5 5. Nc3 a6 6. Qb3 Ra7 {D15: Slav Defence: 4 Nc3 a6 and gambit lines after 4 Nc3 dxc4} 7. Nh4 Bc8 8. Qc2 e6 9. Nf3 {LiveBook: 5 Games} Nbd7 $146 ({Predecessor:} 9... dxc4 10. Bxc4 c5 11. dxc5 Bxc5 12. e4 Nc6 13. O-O Nb4 14. Qe2 {1-0 (28) Vitiugov,N (2722)-Fedoseev,V (2718) St Petersburg 2017}) 10. b3 Bd6 11. Bd3 b5 12. O-O bxc4 13. bxc4 dxc4 14. Bxc4 c5 15. d5 exd5 16. Nxd5 Ne5 17. Nxf6+ Qxf6 18. Nxe5 $1 Bxe5 19. Rb1 O-O 20. Bd3 {[%cal Bc4d3,Bd3h7,Bh7e4][%mdl 32]} Rc7 21. Bxh7+ Kh8 {Hoping for ...g6.} 22. Be4 Re8 23. h3 c4 24. Rd1 c3 25. Ba3 Bh2+ (25... Qe6 $14) 26. Kh1 $16 {And now Rd5 would win.} ({Much weaker is} 26. Kxh2 $6 Qe5+ 27. Kg1 Qxe4 $11) 26... Rxe4 27. Qxe4 $40 {[%mdl 128] White has strong attack.} c2 {aiming for ...Bf5.} 28. Kxh2 Bf5 29. Rb8+ Kh7 {[#]} 30. Qd4 $1 {[%cal Rd4f6]} cxd1=B 31. Qxd1 Bg6 $2 {[#]} (31... Rc8 $16 32. Bb2 Qg6 33. Rxc8 Bxc8) 32. Bb2 $1 $18 {[%cal Rb2f6] White is clearly winning.} Rc1 33. Qd5 Qe7 34. Qd4 {[%csl Gb2][%cal Rd4g7]} f5 35. Bxc1 {Precision: White = 100%, Black = 49%.} 1-0

[Event "RUS-chT Premier League 2018"]
[Site "Sochi"]
[Date "2018.05.09"]
[Round "8"]
[White "Rublevsky, Sergei"]
[Black "Natacheev, Peter"]
[Result "1-0"]
[WhiteElo "2665"]
[BlackElo "2243"]
[Annotator "TA"]
[PlyCount "147"]
[EventDate "2018.??.??"]
[EventCountry "RUS"]
[SourceTitle "playchess.com"]
[Source "ChessBase"]
[SourceQuality "1"]

{[%evp 16,147,28,27,35,36,29,14,16,18,57,48,50,0,8,0,0,23,20,0,0,0,114,127,213,208,195,247,240,246,243,235,232,170,323,321,511,512,488,398,502,418,342,202,189,193,197,200,192,161,168,170,171,160,181,174,277,277,433,204,418,444,435,148,148,148,466,475,510,506,431,192,204,163,256,256,260,259,237,251,278,283,289,283,272,222,277,221,331,252,270,272,275,267,544,514,633,522,570,466,403,292,289,210,254,241,1258,1437,1243,1189,954,574,896,396,345,352,1321,400,390,0,6767,29954,5631,3231,29987,29988,29988,1256,29965,1151,6087,5403,2034,-129]} 1. e4 c5 2. Nf3 Nc6 3. Nc3 Nf6 4. Bb5 Qc7 5. O-O Nd4 6. Re1 a6 7. Bc4 {B30: Sicilian: 2...Nc6 3 Bb5, lines without ...g6} b5 8. Nd5 Nxd5 9. Bxd5 {LiveBook: 3 Games. White has an edge.} Rb8 10. Nxd4 cxd4 11. d3 e6 12. Bb3 d6 $146 ({Predecessor:} 12... Bd6 13. Qh5 Bb7 14. f4 Bxf4 15. Bxf4 Qxf4 {½-½ (49) Carlsen,M (2862)-Saric,I (2666) Wijk aan Zee 2015}) 13. f4 Be7 {[#]} 14. f5 $1 {[%mdl 512]} exf5 15. Qh5 O-O $1 16. exf5 Bf6 17. Bg5 {Bxf6 is the strong threat.} Qd8 $1 18. Bf4 Qd7 (18... a5 $11) 19. Re6 $1 $16 Rb6 (19... Bb7 $16) 20. Rae1 Kh8 21. Rxf6 $1 gxf6 22. Bd5 Re8 23. Rf1 Bb7 24. Bxf7 Re7 $2 (24... Re5 {is a better defense.} 25. Bxe5 dxe5) 25. Be6 $1 $18 {[%cal Re6d7]} Rxe6 (25... Rg7 $142 26. Rf2 (26. Bxd7 Rxg2+ 27. Kh1 Rg4+ 28. Bc6 Bxc6+ 29. Rf3 Bxf3#) 26... Qd8) 26. fxe6 Qxe6 27. Bg3 Qd5 {[%csl Gb7][%cal Rd5g2]} 28. Qe8+ Kg7 {[%csl Gb7][%cal Rd5g2]} 29. Qe7+ $40 {[%mdl 128] White attacks with force.} (29. Qe2 $142) 29... Qf7 30. Qd8 (30. Bxd6 $6 Qxe7 31. Bxe7 Re6 $16) 30... Rc6 31. Bh4 ({And not} 31. Bxd6 Rxc2 32. Rf2 Rc8 $11) 31... d5 32. Bf2 Rxc2 33. Bxd4 {[%cal Rf1f6]} Rc6 34. h3 {Threatens to win with Re1.} h6 35. Rf3 Rc1+ (35... Bc8 $142 36. Re3 Be6) 36. Kh2 {[%cal Rf3f6]} Rc6 (36... Kh7 $142 37. Rxf6 Qc7+ 38. Qxc7+ Rxc7) 37. b4 (37. Re3 $142 Qc7+ 38. Rg3+ Kf7 39. Qg8+ Ke7 40. Kh1 Rc1+ 41. Bg1) 37... Re6 $2 (37... Bc8 38. Re3 Be6 39. Bxf6+ Qxf6 40. Rg3+ Kf7) 38. Qb8 Rc6 39. Qf4 $2 (39. Qg3+ $1 $18 {and the rest is easy.} Kh7 40. Qf4) 39... Bc8 $16 40. Qh4 Re6 $2 {[%mdl 8192]} (40... Bd7 $16 {is a better chance.} 41. a3 (41. Rg3+ Kh7 $16) 41... Be8) 41. Qg4+ $18 Qg6 42. Qf4 $1 {[%cal Rf4c7]} Qf7 {and the idea ...Rc6 leaves Black hopeful.} 43. Be3 (43. Rg3+ $142 Kh7 44. Qf5+ Kh8 45. Qf4) 43... f5 44. Qb8 Re8 (44... Qb7 $142 45. Qf4 Qf7 46. Bd4+ Kh7) 45. Rg3+ $1 Kh7 {[#]} 46. Bxh6 $1 {[%mdl 512]} Rg8 {Hoping for ...Rxg3.} (46... Kxh6 47. Qf4+) 47. Bg5 Be6 48. Qf4 Qh5 49. d4 Rg7 50. h4 Qe8 51. Re3 Qd7 (51... Qg6 $142 52. a3 Bg8) 52. Re5 Rg8 53. Qf3 {White threatens Qh5+ and mate.} Qf7 54. Qa3 Rg6 $2 (54... Ra8 55. Qa5 f4) 55. Qe3 Qg8 56. Qe2 Qf7 57. Bf4 {Strongly threatening h5.} Qf6 58. Qh5+ Kg8 59. Re3 Qg7 60. g3 Kf7 $2 (60... Qf7 61. Be5 Rf6) 61. Rc3 Bd7 62. Rc7 Ke8 63. Qe2+ Kd8 64. Ra7 (64. Rb7 $142) 64... Rc6 65. Ra8+ Bc8 $2 (65... Rc8) 66. Bg5+ (66. Kh1 $142 {aiming for a3.} Qxd4 67. Bg5+ Rf6 68. Qc2 Qe4+ 69. Qxe4 fxe4 70. Bxf6+ Kd7 {[#]} 71. Rxc8 $1 {[%mdl 512]} Kxc8 72. h5) 66... Kc7 {Threatening ...Kb7.} 67. Qe8 $2 ({White should play} 67. Bh6 $18 Qf6 68. Bf4+ Kb7 69. Rb8+ Ka7 70. a3) 67... Kb7 $2 {[%mdl 8192]} (67... Rc2+ $11 68. Kh3 Kb7 69. Rxc8 Rxc8) 68. Rb8+ $1 Kxb8 69. Qxc6 Bb7 70. Bf4+ Ka7 71. Qc5+ Ka8 72. Qd6 (72. h5 $142 Qh8 73. Kg2 Qe8 74. Kf2 a5 75. h6 axb4 76. Qxb4 Ba6 77. h7) 72... Qg8 73. h5 Qe8 {[#]} 74. Qb8+ $1 {[%mdl 33280] Precision: White = 54%, Black = 39%. . Loss on Time!?} 1-0